000 01009nam a2200253Ia 4500
003 OSt
005 20221005103537.0
006 a|||||r|||| 00| 0
007 ta
008 221004b |||||||| |||| 00| 0 hin d
020 _a9788188741304 (hbk)
_c297.5
024 _a99295
037 _b382, 25/12/2009, Eastern Book Linkers
_cTextual
040 _aCRL
_cCRL
_bhin
041 _2hin
_ahin
082 _aQ2:4, 152P9
100 _aशर्मा, अरविन्द
245 0 _aहिन्दु संस्कारों का धर्मशास्त्रीय विवेचन
246 _aHindu sanskāroan kā dharmashāstrīya vivechana
260 _aजयपुर
_bराष्ट्रीय संस्कृत साहित्य केन्द्र भारत
_c2009
300 _a228पृ0
_ccm.
942 _hQ2:4, 152P9
_cTEXL
_2cc
999 _c1010257
_d1010257